Statistics for Nba 2020-2021 Multiple Choie

Click here to take the quiz!

General Stats

  • This quiz has been taken 158 times
    (97 since last reset)
  • The average score is 6 of 10

Answer Stats

QuestionAnswer% Correct
What player did the Timberwolves draft with the #1 overall pick?Anthony Edwards
99%
Which of these players is NOT on the Brooklyn Nets?D'Angelo Russell
90%
Who is the oldest player in the league?Udonis Haslem
89%
Who has the best record in the NBA?Jazz
77%
How many players from the 2003 draft are still active?3
69%
Who leads the legue in points per game?Stephen Curry
67%
Who leads the legue in rebounds per game?Clint Capela
53%
Who has the worst record in the NBA?Rockets
41%
Who is the shortest NBA player?Chris Clemons
33%
Who is the youngest NBA player?Isaiah Stewart
28%

Score Distribution

Percentile by Number Answered

Percent of People with Each Score

Your Score History

You have not taken this quiz since the last reset